| 000 | 00884nam a2200229 a 4500 | ||
|---|---|---|---|
| 001 | 63482 | ||
| 003 | BD-RjUL | ||
| 005 | 20211209081213.0 | ||
| 008 | 170130s1995 ii ||||| |||| 00| 0 ben d | ||
| 020 |
_a8186134603 _c: Tk 80.00 |
||
| 035 | _a(BD-RjUL)63611 | ||
| 040 |
_aBD-RjUL _bben _cBD-RjUL |
||
| 041 | _aben | ||
| 082 |
_223 _a891.4409 _bBHA 1995 |
||
| 100 |
_aভট্রাচার্য, জগদীশ _9182431 |
||
| 245 | 1 | 0 |
_aআমার কালের কয়েকজন কবি / _cজগদীশ ভট্রাচার্য |
| 260 |
_aকলকাতা : _bভারবি, _c১৯৯৫ |
||
| 300 |
_a৩২০ পৃ. ; _c২১ সেমি. |
||
| 650 |
_aবাংলা সাহিত্য _xইতিহাস ও সমালোচনা _9179529 |
||
| 650 |
_aBengali Literature _xHistory & Criticism _9179530 |
||
| 942 |
_2ddc _cBK |
||
| 999 |
_c63482 _d63482 |
||